Tribhuvan University Central Library

A course in language teaching; trainee book . (Record no. 67936)

MARC details
000 -LEADER
fixed length control field 00535 a2200169 4500
020 ## - INTERNATIONAL STANDARD BOOK NUMBER
International Standard Book Number 978-0-521-67138-5
082 ## - DEWEY DECIMAL CLASSIFICATION NUMBER
Classification number 420.07
Item number Ur1c
100 ## - MAIN ENTRY--PERSONAL NAME
Personal name Ur, Penny
245 ## - TITLE STATEMENT
Title A course in language teaching; trainee book .
260 ## - PUBLICATION, DISTRIBUTION, ETC.
Place of publication, distribution, etc. Cambridge:
Name of publisher, distributor, etc. Cambridge University Press,
Date of publication, distribution, etc. 1999.
300 ## - PHYSICAL DESCRIPTION
Extent xii,142p.
440 ## - SERIES STATEMENT/ADDED ENTRY--TITLE
Title Cambridge teacher training and development
504 ## - BIBLIOGRAPHY, ETC. NOTE
Bibliography, etc. note Bibliography: p. 142
650 ## - SUBJECT ADDED ENTRY--TOPICAL TERM
Topical term or geographic name entry element Tests
-- Language and language study and teaching
-- Language teaching
653 ## - INDEX TERM--UNCONTROLLED
Uncontrolled term Applied linguistics
942 ## - ADDED ENTRY ELEMENTS (KOHA)
Source of classification or shelving scheme Dewey Decimal Classification
Koha item type General Collections
Holdings
Withdrawn status Lost status Source of classification or shelving scheme Damaged status Not for loan Home library Current library Shelving location Date acquired Total Checkouts Total Renewals Full call number Barcode Date last seen Date last checked out Price effective from Koha item type
    Dewey Decimal Classification     Tribhuvan University Central Library Tribhuvan University Central Library New Building 09/15/2013 9 3 420.07 Ur1c 147135 11/07/2019 09/09/2019 09/15/2013 General Collections
    Dewey Decimal Classification     Tribhuvan University Central Library Tribhuvan University Central Library New Building 09/15/2013 7 5 420.07 Ur1c 147136 07/02/2023 06/23/2023 09/15/2013 General Collections
    Dewey Decimal Classification     Tribhuvan University Central Library Tribhuvan University Central Library New Building 09/15/2013 2   420.07 Ur1c 147134 08/21/2019 07/28/2019 09/15/2013 General Collections